国の地図上の首都はどこですか? - Statistics

General Stats
  • This quiz has been taken 548 times
  • The average score is 11 of 15
Answer Stats
Question Answer % Correct
日本の首都はどこですか?
95%
中国の首都はどこですか?
91%
フランスの首都はどこですか?
88%
オーストラリアの首都はどこですか?
83%
ドイツの首都はどこですか?
82%
インドの首都はどこですか?
78%
エジプトの首都はどこですか?
76%
イギリスの首都はどこですか?
76%
トルコの首都はどこですか?
71%
アメリカの首都はどこですか?
70%
ブラジルの首都はどこですか?
69%
スペインの首都はどこですか?
68%
カナダの首都はどこですか?
67%
スウェーデンの首都はどこですか?
64%
モロッコの首都はどこですか?
41%
No matching quizzes found
Score Distribution
Percent of People with Each Score
Percentile by Number Answered
Your Score History
You have not taken this quiz